| 000 | 00649nam a2200121Ia 4500 | ||
|---|---|---|---|
| 008 | 220620s9999||||xx |||||||||||||| ||und|| | ||
| 245 | 0 |
_aCompetition in World Politics _bKnowledge, Strategies and Institutions |
|
| 546 | _aEnglish[eng] | ||
| 650 | _aInternational Organizations||Technology||Trade||Nationalism||Rankings||Politics||Society||Globalization||Political Sociology||International Relations||Global History||Sociology | ||
| 700 | _aRuss, Daniela||Stafford, James | ||
| 856 | _uhttps://library.oapen.org/bitstream/20.500.12657/50140/1/9783839457474.pdf||https://library.oapen.org/bitstream/20.500.12657/50140/1/9783839457474.pdf | ||
| 942 | _cEB | ||
| 999 |
_c26412 _d26412 |
||